MDQL
is popping MORE tags! Check the
thread
!
Quizzes
Events
Quiz Creation
Community
Videos
Private Events
Remove Ads
Sign In
Join for FREE
Feedback
Dark Mode
Quiz Categories
Sports
Geography
Music
Movies
Television
Just For Fun
Miscellaneous
History
Literature
Language
Science
Gaming
Entertainment
Religion
Holiday
For Kids
Quiz Lab
Recent
Popular Today
Quiz Kudos Today
Editor Picks
Curator Picks
Quizzes by...
Day
Popularity
Type
Ratings
Length
Year
Community
Subscriptions
Recent Discussions
Orange Saloon
Badges
Playlists
Quests
Create
Leaderboards
Showdown
Live 5
Trivia Bingo
Activity
Puzzle Library
Sporcle Events
Private Events
Virtual Trivia
Globe League
Become a Host
Pub Owners
SporcleCon
Opinionation
Our Games
Videos
Blog
Mobile Apps
Partnerships
Remove Ads and Go Orange
Feedback
Miscellaneous
Crossword
General Knowledge
Baby Names
Logo
Food
Cars
Numbers
Grab Bag
University
College
Popular
Company
Slogans
Restaurants
Justice
Letter
Miscellaneous
Crossword
General Knowledge
Baby Names
Logo
Food
Cars
Numbers
Grab Bag
University
College
Popular
Company
Slogans
Restaurants
Justice
Letter
Random Quiz
Search Sporcle
×
Curator Pick
Curator Pick
Miscellaneous
Letter
Type in answers that appear in a list
Type in answers that appear in a list
Classic
Best Score? Go Orange.
Beginning & ending with the same letter Stats
Can you name the words or proper nouns beginning and ending with the same letter?
By
dontworrybaby
5m
20 Questions
179 Plays
179 Plays
179 Plays
Comments
Comments
Give Quiz Kudos
Give Quiz Kudos
-
- Ratings
hide this ad
More Info
Replay
Link that replays current quiz
Next Quiz
Link to next quiz in quiz playlist
You Got
0%
They Got
Avg Score
54%
Avg Friend Score
Upgrade to see
Score Distribution
Jump to the score distribution portion of the page
Score
0/20
Timer
05:00
0
Plays Today
Clue
Answer
% Correct
word following dim, tulip, or light
bulb
79.9%
Elvis Presley liked them in blue suede
shoes
73.2%
company name that's become synonymous with photocopying
Xerox
71.5%
more commonly known as ''twelve hours 'til midnight''
noon
70.9%
memory troubles
amnesia
69.8%
delicious!
yummy
68.7%
President Wilson
Woodrow
68.2%
like slander, except for the printed word or broadcast media
libel
62%
Batman villain and question mark enthusiast
Riddler
62%
C-
3PO or R2-
D2
droid
59.8%
Clue
Answer
% Correct
Jarvis Cocker's band, or a type of Fiction
Pulp
58.1%
comes in both solar and lunar flavors
eclipse
51.4%
1987 album by INXS, or something you do to a habit
Kick
50.3%
I'm a little _
_
_
_
_
_
teapot
49.2%
Get It On (Bang A _
_
_
_
)
Gong
48.6%
what to sit on if you're a hookah-
smoking caterpillar
mushroom
45.8%
at birth, John Lennon's middle name was Winston; later he changed it to this
Ono
36.9%
menacing secret society who runs the world, according to crazy people
Illuminati
34.1%
everyone is one of these
critic
21.2%
where Desmond Hume lived for three years
hatch
15.6%
Quiz Playlist
Details
Report
Send in Message
Add To Playlist
More Info:
Helpful hint: the answers are in alphabetical order.
Classic:
Type in answers that appear in a list
Last Updated: Feb 16, 2017
Curator Pick in
Letter
Quiz Scoreboard
CHALLENGE
Sign Up to Join the Scoreboard
Show All
Scores
Hide
Comments
May contain spoilers
Recently Published
Street Fighter Characters
by Artimus82
Gaming
60s
9x9 Crossword: Cartoon Network
by jackfrog10
Miscellaneous
3m
College Basketball Coaching Resumes
by pancakes188
Sports
9m
More to Explore
Quiz From the Vault
Featured Blog Post
Where Did the Easter Bunny Come From?
hide this ad
You Might Also Like...
Tags
Letter Quiz
Begins With
Commentary
Ending
noun
Proper
same
Today's Top Quizzes in Miscellaneous
Browse Miscellaneous
hide this ad
Today's Top Quizzes in Letter
Browse Letter
Top Contributed Quizzes in Miscellaneous
1
5-to-1: Fast Food
2
The JOE quick-fire general knowledge quiz: Day 174
3
The JOE quick-fire general knowledge quiz: Day 173
4
5-to-1: Cocktails
5
The JOE quick-fire general knowledge quiz: Day 172
6
9x9 Crossword: Disney Movie Titles
7
Sunday Crossword: Famous Bodies of Water
8
9x9 Crossword: Charlie and the Chocolate Factory
9
The JOE quick-fire general knowledge quiz: Day 171
10
One Thing in Common: United Kingdom II
Explore More
Trending Topics
Crossword
Anime
Harry Potter
Disney
Marvel
Kpop
NBA
WWE
Puzzle
The Office
Song
Pokémon
Soccer
NFL
Country
hide this ad
More By:
dontworrybaby
Quiz
Plays
Rating
Category
Featured
Created
Begins with ''G'', Ends with ''S''
292
3.67
Miscellaneous
May 16, 2010
Beginning & ending with the same letter
179
3.67
Miscellaneous
Jun 3, 2010
Go to Creator's Profile
Score Distribution
Quiz Creator Spotlight
dontworrybaby
Follow
Send a Message
Quizzes Created
-
Created Quiz Play Count
-
More By This Creator
Popular Quizzes Today
1
Find the US States - No Outlines Minefield
2
Find the Countries of Europe - No Outlines Minefield
3
The Countries of the World
4
Find the US States
5
Risky Map Clicking: Biggest States A-Z
6
US States
7
Popular People in 1961
8
Movies - When Are They Set?
More Miscellaneous Quizzes
Most Famous People Born in 1962 for Every Occupation
Quiz Lab
Trending Quizzes
Risky Map Clicking: Least Populous States A-Z
Countries of the World: 200 Million BC
1-10 Letter G Words
Risky Map Clicking: Next State Alphabetically
Adjectives in 80s TV Shows
Recently Updated
Leaping Animals
pecheneg
Reality TV Shows (A-Z)
bhenderson79
Rickey Henderson's Hall of Fame Teammates
pecheneg
Champions League XIs: Arsenal
pecheneg
Quick Pick: Celebrities in WWE's Hall of Fame
aduchscher
A-Z Keypad Blitz II
pecheneg
Multiple Oscar Actors
pecheneg
Mystery Phrase Blitz: Oscar 'Best Actors'
pecheneg
F. Scott Fitzgerald Novels
LTH
Pick 3 Villains
ddd62291
Trending Topics
Disney
Crossword
NBA
Anime
Harry Potter
Marvel
Kpop
Soccer
WWE
Country
The Office
Song
Pokémon
Puzzle
NFL
Your Account Isn't Verified!
In order to create a playlist on Sporcle, you need to verify the email address you used during registration. Go to your
Sporcle Settings
to finish the process.
Report this User
Report this user for behavior that violates our
Community Guidelines
.
Details:
Send Report
Go to the Sporcle.com Mobile Site →
Comments